| 000 | 00678nam a22002177a 4500 | ||
|---|---|---|---|
| 003 | DO-SdBNP | ||
| 005 | 20210921085758.0 | ||
| 007 | ta | ||
| 008 | 210920e2018 dr a|||gr|||| 00| 0dspa d | ||
| 020 | _a9879945911008 | ||
| 040 |
_aDO-SdBNP _bspa _cBNPHU |
||
| 082 | 4 |
_222 _bS487o |
|
| 100 | 1 |
_aSerra del Bois, Silverio Amaury _979955 |
|
| 245 | 1 | 0 |
_aOsadía espiritual / _cSilverio Amaury Serra; Darío Mateo Mora, pról. |
| 260 |
_aSanto Domingo : _bPublicaciones Libertad, _c2018 |
||
| 300 |
_a124 p.: _bil.; _c21 cm |
||
| 500 | _aIncluye biografía del autor, p. 123 | ||
| 590 | _aInventariado 2021 / MF | ||
| 700 | 1 |
_aMateo Mora, Darío, _epról. _979956 |
|
| 942 |
_2ddc _cLBS1 |
||
| 999 |
_c50578 _d50578 |
||